Overcoming the governance crisis in Dhaka city / (Record no. 1237)
[ view plain ]
| 000 -LEADER | |
|---|---|
| fixed length control field | 00627nam a2200205 a 4500 |
| 003 - CONTROL NUMBER IDENTIFIER | |
| control field | BD-DhJNU |
| 005 - DATE AND TIME OF LATEST TRANSACTION | |
| control field | 20250204071256.0 |
| 008 - FIXED-LENGTH DATA ELEMENTS--GENERAL INFORMATION | |
| fixed length control field | 190402s2000 bg |b||g |||| 001 0|eng d |
| 020 ## - INTERNATIONAL STANDARD BOOK NUMBER | |
| International Standard Book Number | 9840515608 |
| 040 ## - CATALOGING SOURCE | |
| Original cataloging agency | BD-DhJNU |
| Language of cataloging | ENG |
| Transcribing agency | BD-DhJNU |
| Modifying agency | BD-DhJNU |
| 082 00 - DEWEY DECIMAL CLASSIFICATION NUMBER | |
| Classification number | 320.954 SID |
| 100 1# - MAIN ENTRY--PERSONAL NAME | |
| Personal name | Siddiqui, Kamal |
| 245 00 - TITLE STATEMENT | |
| Title | Overcoming the governance crisis in Dhaka city / |
| Statement of responsibility, etc. | Kamal Siddiqui, Jamshed Ahmed and Abdul Awal |
| 260 ## - PUBLICATION, DISTRIBUTION, ETC. | |
| Place of publication, distribution, etc. | Dhaka : |
| Name of publisher, distributor, etc. | University Press, |
| Date of publication, distribution, etc. | c2000. |
| 300 ## - PHYSICAL DESCRIPTION | |
| Extent | viii, 272 p. ; |
| Other physical details | ill. ; |
| Dimensions | 22 cm. |
| 650 #4 - SUBJECT ADDED ENTRY--TOPICAL TERM | |
| Topical term or geographic name entry element | Social conditions (Bangladesh) |
| 700 1# - ADDED ENTRY--PERSONAL NAME | |
| Personal name | Ahmed, Jamshed |
| 700 1# - ADDED ENTRY--PERSONAL NAME | |
| Personal name | Awal, Abdul |
| 942 ## - ADDED ENTRY ELEMENTS (KOHA) | |
| Koha item type | Books |
| Withdrawn status | Lost status | Source of classification or shelving scheme | Damaged status | Not for loan | Collection | Home library | Current library | Shelving location | Date acquired | Source of acquisition | Total checkouts | Full call number | Barcode | Date last seen | Copy number | Price effective from | Koha item type |
|---|---|---|---|---|---|---|---|---|---|---|---|---|---|---|---|---|---|
| Dewey Decimal Classification | Non-fiction | Jagannath University Central Library | Jagannath University Central Library | General stacks | 02/04/2025 | Purchased | 320.954 SID | JNUCL34600 | 02/04/2025 | 1 | 02/04/2025 | Books |